ბათუმის შოთა რუსთაველის სახელმწიფო უნივერსიტეტის ბიბლიოთეკა

Computer science & electrical engineering programs (ბიბ.ჩანაწერი № 43838)

000 -LEADER
fixed length control field 00830nam a2200229Ia 4500
001 - CONTROL NUMBER
control field 10586
003 - CONTROL NUMBER IDENTIFIER
control field GE_BSU
008 - FIXED-LENGTH DATA ELEMENTS--GENERAL INFORMATION
fixed length control field 181216s||||||||xx |||||||||||||| ||und||
020 ## - INTERNATIONAL STANDARD BOOK NUMBER
International Standard Book Number 1560798742
040 ## - CATALOGING SOURCE
Transcribing agency GE_BSU
080 ## - UNIVERSAL DECIMAL CLASSIFICATION NUMBER
Universal Decimal Classification number 004.7
245 ## - TITLE STATEMENT
Title Computer science & electrical engineering programs
245 #2 - TITLE STATEMENT
Remainder of title A complete resource of graduate educational and career opportunities.
245 ## - TITLE STATEMENT
Statement of responsibility, etc. Executive Editor:Robert Crepeau;Senior editor:Art Stickney.
260 ## - PUBLICATION, DISTRIBUTION, ETC.
Place of publication, distribution, etc. New Jersey:Peterson's.
260 ## - PUBLICATION, DISTRIBUTION, ETC.
Date of publication, distribution, etc. 1998.
300 ## - PHYSICAL DESCRIPTION
Extent 780p;28cm.
653 ## - INDEX TERM--UNCONTROLLED
Uncontrolled term Computer science & electrical engineering programs:A complete resource of graduate educational and career opportunities.
653 ## - INDEX TERM--UNCONTROLLED
Uncontrolled term ინფორმატიკა
653 ## - INDEX TERM--UNCONTROLLED
Uncontrolled term საინფორმაციო ტექნოლოგიები
942 ## - ADDED ENTRY ELEMENTS (KOHA)
Koha item type წიგნი
ეგზემპლარები
Withdrawn status Lost status Damaged status Not for loan Date acquired Barcode Date last seen Price effective from Koha item type
        2018-12-17 12319 2018-12-17 2018-12-17 წიგნი